01129cam a2200325 a 4500999001700000001000900017005001700026008004100043010001700084020002600101020003000127035002200157040001800179043001200197050002200209100003000231245006800261250001200329260004400341300004200385650004200427650004100469650001400510650001600524700003300540700002800573906004500601942003400646952012300680 c28641d286411327779320170310151401.0030716s2005 mau a 000 0 eng  a 2003110108 a0618372296 (lib. ed.) a061837230X (student text) a(DLC) 2003110108 aDLCcDLCdDLC an-us---00aHD70.U5bP68 20051 aPride, William M.,d1942-10aBusiness /cWilliam M. Pride, Robert J. Hughes, Jack R. Kapoor. a8th ed. aBoston :bHoughton Mifflin Co.,cc2005. axxxii, 667, [95] p. :bill. ;c28 cm. 0aIndustrial managementzUnited States. 0aBusiness enterpriseszUnited States. 0aBusiness. 0aManagement.1 aHughes, Robert James,d1946-1 aKapoor, Jack R.,d1937- a7bcbccorignewd2eepcnf20gy-gencatlg 2lcccBOOKShHD 70 .U5P75 2005 00102lcc4070aMUCbMUCcTECHd2017-03-10eDonation(BFA)l0oHD 70 .U5P75 2005p36594r2018-07-11w2017-03-10yBOOKS